000 00291nam a22001337a 4500
008 170427b xxu||||| |||| 00| 0 eng d
020 _a9780023238055
041 _aeng
080 _24 ED
_a343.9
100 _a13
101 _aSHJ
245 _aCRIMINILOGY
_cCONKLIN.J.E
942 _2udc
_cBK
999 _c12295
_d12295